| 000 | 01438cam a22002174a 4500 | ||
|---|---|---|---|
| 005 | 20250605164406.0 | ||
| 008 | 250528s ||||||||||||||||||||||||d | ||
| 035 | _a24832 | ||
| 020 | _a9789606802126 | ||
| 040 |
_aGR-AtMCL _bgre _dGR-AtMCL _eAACR2 |
||
| 245 | 1 | _aDuus' Εντοπιστική Διάγνωση στη Νευρολογία / Ανατομία - Φυσιολογία - Σημεία - Συμπτώματα | |
| 260 |
_bΚωνσταντάρας, _c2009 |
||
| 300 | _a520 | ||
| 520 | _aΣτοιχεία του Νευρικού Συστήματος, Σωματοαισθητικό Σύστημα, Κινητικό Σύστημα, Το Στέλεχος, Παρεγκεφαλίτιδα, Διεγκέφαλος και Αυτόνομο Νευρικό Σύστημα, Μεταιχμιακό Σύστημα, Βασικά Γάγγλια, Εγκεφαλικά Ημισφαίρια, Μήνιγγες του Εγκεφάλου και του Νωτιαίου Μυελού: Εγκεφαλονωτιαίο Υγρό και Κοιλιακό Σύστημα, Αιμάτωση και Διαταραχές της Αιμάτωσης του Κεντρικού Νευρικού Συστήματος, Προτεινόμενη Βιβλιογραφία, Ευρετήριο. | ||
| 700 | 1 |
_aBaehr M. _99567 |
|
| 700 | 1 |
_aFrotscher M _99568 |
|
| 700 | 1 |
_aΒασιλοπούλου Σοφία _99569 |
|
| 942 | _cBK | ||
| 999 |
_c9673 _d9673 |
||